<?xml version="1.0" encoding="UTF-8"?>
<record
    xmlns:xsi="http://www.w3.org/2001/XMLSchema-instance"
    xsi:schemaLocation="http://www.loc.gov/MARC21/slim http://www.loc.gov/standards/marcxml/schema/MARC21slim.xsd"
    xmlns="http://www.loc.gov/MARC21/slim">

  <leader>01371nam0a2200361   4500</leader>
  <controlfield tag="001">RU\NLR\bibl\1423397</controlfield>
  <controlfield tag="005">20250615215338.0</controlfield>
  <datafield tag="010" ind1=" " ind2=" ">
    <subfield code="a">978-5-222-15802-9</subfield>
    <subfield code="b">&#x432; &#x43F;&#x435;&#x440;.</subfield>
    <subfield code="9">2500</subfield>
  </datafield>
  <datafield tag="021" ind1=" " ind2=" ">
    <subfield code="a">RU</subfield>
    <subfield code="b">2009-64279</subfield>
    <subfield code="9">3964</subfield>
  </datafield>
  <datafield tag="035" ind1=" " ind2=" ">
    <subfield code="a">(nilc)RSL-KNO-004368966</subfield>
  </datafield>
  <datafield tag="035" ind1=" " ind2=" ">
    <subfield code="a">(NLR Aleph) 001415328</subfield>
  </datafield>
  <datafield tag="090" ind1=" " ind2=" ">
    <subfield code="a">1308407</subfield>
    <subfield code="c">1308407</subfield>
  </datafield>
  <datafield tag="100" ind1=" " ind2=" ">
    <subfield code="a">20090731d2009    |||y0rusy50      ca</subfield>
  </datafield>
  <datafield tag="101" ind1="0" ind2=" ">
    <subfield code="a">rus</subfield>
  </datafield>
  <datafield tag="102" ind1=" " ind2=" ">
    <subfield code="a">RU</subfield>
  </datafield>
  <datafield tag="105" ind1=" " ind2=" ">
    <subfield code="a">a   zzzz|||||</subfield>
  </datafield>
  <datafield tag="200" ind1="1" ind2=" ">
    <subfield code="a">&#x417;&#x434;&#x43E;&#x440;&#x43E;&#x432;&#x44B;&#x439; &#x43E;&#x431;&#x440;&#x430;&#x437; &#x436;&#x438;&#x437;&#x43D;&#x438; &#x432; &#x441;&#x43E;&#x432;&#x440;&#x435;&#x43C;&#x435;&#x43D;&#x43D;&#x43E;&#x439; &#x448;&#x43A;&#x43E;&#x43B;&#x435;</subfield>
    <subfield code="e">&#x43F;&#x440;&#x43E;&#x433;&#x440;&#x430;&#x43C;&#x43C;&#x44B;, &#x43C;&#x435;&#x440;&#x43E;&#x43F;&#x440;&#x438;&#x44F;&#x442;&#x438;&#x44F;, &#x438;&#x433;&#x440;&#x44B;</subfield>
    <subfield code="f">&#x415;. &#x410;. &#x412;&#x43E;&#x440;&#x43E;&#x43D;&#x43E;&#x432;&#x430;</subfield>
    <subfield code="g">&#x41D;&#x430;&#x446;. &#x43F;&#x440;&#x43E;&#x435;&#x43A;&#x442; "&#x41E;&#x431;&#x440;&#x430;&#x437;&#x43E;&#x432;&#x430;&#x43D;&#x438;&#x435;"</subfield>
  </datafield>
  <datafield tag="205" ind1=" " ind2=" ">
    <subfield code="a">&#x418;&#x437;&#x434;. 3-&#x435;</subfield>
  </datafield>
  <datafield tag="210" ind1=" " ind2=" ">
    <subfield code="a">&#x420;&#x43E;&#x441;&#x442;&#x43E;&#x432;-&#x43D;&#x430;-&#x414;&#x43E;&#x43D;&#x443;</subfield>
    <subfield code="c">&#x424;&#x435;&#x43D;&#x438;&#x43A;&#x441;</subfield>
    <subfield code="d">2009</subfield>
  </datafield>
  <datafield tag="215" ind1=" " ind2=" ">
    <subfield code="a">245, [1] &#x441;.</subfield>
    <subfield code="c">&#x438;&#x43B;.</subfield>
    <subfield code="d">21</subfield>
  </datafield>
  <datafield tag="225" ind1="1" ind2=" ">
    <subfield code="a">&#x421;&#x435;&#x440;&#x434;&#x446;&#x435; &#x43E;&#x442;&#x434;&#x430;&#x44E; &#x434;&#x435;&#x442;&#x44F;&#x43C;</subfield>
  </datafield>
  <datafield tag="300" ind1=" " ind2=" ">
    <subfield code="a">&#x41D;&#x430; &#x43E;&#x431;&#x43B;. &#x430;&#x432;&#x442;. &#x43D;&#x435; &#x443;&#x43A;&#x430;&#x437;&#x430;&#x43D;</subfield>
  </datafield>
  <datafield tag="606" ind1="1" ind2=" ">
    <subfield code="a">&#x428;&#x43A;&#x43E;&#x43B;&#x44C;&#x43D;&#x438;&#x43A;&#x438;</subfield>
    <subfield code="x">&#x412;&#x43E;&#x441;&#x43F;&#x438;&#x442;&#x430;&#x43D;&#x438;&#x435; &#x437;&#x434;&#x43E;&#x440;&#x43E;&#x432;&#x43E;&#x433;&#x43E; &#x43E;&#x431;&#x440;&#x430;&#x437;&#x430; &#x436;&#x438;&#x437;&#x43D;&#x438;</subfield>
    <subfield code="9">2449504</subfield>
    <subfield code="3">RU\NLR\auth\661456503</subfield>
  </datafield>
  <datafield tag="686" ind1=" " ind2=" ">
    <subfield code="a">&#x427;421,6(2)354,0</subfield>
    <subfield code="2">rubbk</subfield>
  </datafield>
  <datafield tag="686" ind1=" " ind2=" ">
    <subfield code="a">&#x427;421.354</subfield>
  </datafield>
  <datafield tag="700" ind1=" " ind2="1">
    <subfield code="a">&#x412;&#x43E;&#x440;&#x43E;&#x43D;&#x43E;&#x432;&#x430;</subfield>
    <subfield code="b">&#x415;. &#x410;.</subfield>
    <subfield code="g">&#x415;&#x43B;&#x435;&#x43D;&#x430; &#x410;&#x43B;&#x435;&#x43A;&#x441;&#x430;&#x43D;&#x434;&#x440;&#x43E;&#x432;&#x43D;&#x430;</subfield>
    <subfield code="4">070</subfield>
  </datafield>
  <datafield tag="801" ind1=" " ind2="0">
    <subfield code="a">RU</subfield>
    <subfield code="b">&#x420;&#x41A;&#x41F;</subfield>
    <subfield code="c">20090731</subfield>
    <subfield code="g">rcr</subfield>
  </datafield>
  <datafield tag="801" ind1=" " ind2="1">
    <subfield code="a">RU</subfield>
    <subfield code="b">&#x420;&#x413;&#x411;</subfield>
    <subfield code="c">20090731</subfield>
  </datafield>
  <datafield tag="801" ind1=" " ind2="2">
    <subfield code="a">RU</subfield>
    <subfield code="b">NLR</subfield>
    <subfield code="c">20091013</subfield>
    <subfield code="g">rcr</subfield>
  </datafield>
  <datafield tag="830" ind1=" " ind2=" ">
    <subfield code="a">&#x430;&#x432;&#x442;. &#x43F;&#x43E; &#x43A;&#x43D;.</subfield>
  </datafield>
  <datafield tag="942" ind1=" " ind2=" ">
    <subfield code="c">BOOK</subfield>
  </datafield>
  <datafield tag="980" ind1=" " ind2=" ">
    <subfield code="a">NB</subfield>
  </datafield>
  <datafield tag="995" ind1=" " ind2=" ">
    <subfield code="5">2009-10-13</subfield>
    <subfield code="a">ad</subfield>
    <subfield code="b">NLR01</subfield>
    <subfield code="c">NLR01</subfield>
    <subfield code="e">RF9</subfield>
    <subfield code="f">1-1835128</subfield>
    <subfield code="k">2009-3/32221</subfield>
    <subfield code="o">0</subfield>
    <subfield code="r">BOOK</subfield>
    <subfield code="s">2009332221_</subfield>
  </datafield>
  <datafield tag="995" ind1=" " ind2=" ">
    <subfield code="5">2009-10-13</subfield>
    <subfield code="a">ad</subfield>
    <subfield code="b">NLR01</subfield>
    <subfield code="c">NLR01</subfield>
    <subfield code="e">OZ2</subfield>
    <subfield code="f">1-169943</subfield>
    <subfield code="k">&#x41B;1 &#x427;421.35/&#x412;-754</subfield>
    <subfield code="o">0</subfield>
    <subfield code="p">0.00</subfield>
    <subfield code="r">BOOK</subfield>
    <subfield code="s">1_42135754</subfield>
  </datafield>
</record>
